La civilisation de la Grèce Antique (Partie 1) - Statistiques

Statistiques générales
  • Ce quiz a été pris 165 fois
  • Le résultat moyen est 11 sur 15
Statistiques - réponses
Question Réponse % Correct
Sous la période classique, le territoire de la Grèce est divisée en ? Cités
100%
Selon la tradition, où vivaient les dieux grecs ? Sur le mont Olympe
97%
Quel est l'auteur présumé des poèmes de l'Iliade et l'Odyssée au VIIIe s. avant JC ? Homère
94%
Quelle ville fut la grande rivale d'Athènes à l'époque classique ? Sparte
94%
Quel fut le plus grand des Athéniens du Ve siècle avant JC ? Périclès
88%
Qu'est-ce qu'une agora ? Une place publique
88%
Comment s'appelait l'empire maritime d'Athènes fondé au Ve s. avant JC ? La Ligue de Délos
82%
Dans quel sanctuaire avaient lieu les jeux pythiques ? A Delphes
79%
Comment appelle-t-on la dernière période de la civilisation grecque ? L'époque hellénistique
73%
De quelle style sont les temples arborant sur leurs chapiteaux des feuilles d'acanthe ? Corinthien
67%
Quelle technique de la peinture sur poterie est la plus récente ? A figures rouges
55%
Quel conquérant a déclaré son indépendance de la Grèce au IVe siècle avant JC ? Philippe II de Macédoine
55%
De quelle région grecque font partie Ephèse, Phocée, Milet ? L'Ionie
52%
Pourquoi les Grecs Anciens veulent-ils s'assurer le contrôle du commerce en Mer Noire ? Pour le blé
39%
Quelle était l'occupation favorite des Grecs presque tous les étés ? La guerre
9%
Aucun quiz correspondant
Distribution des résultats
% des personnes avec chaque résultat
Percentile par nombre de réponses
Votre historique - résultats
Vous n’avez pas pris ce quiz